00525 2200193 4500001002100000005001500021035002000036007000300056008004100059020002200100082001000122084001400132100001900146245004800165250001500213260003100228300005300259700001900312INLIS00000000000059820221122113111 a0010-1122000192ta221122 g 0 ind  a978-602-03-0563-9 aR 423 aR 423 JOH0 aJohn M. Echols1 aKamus Inggris - Indonesia /cJohn M. Echols aDiperbarui aJakarta :bGramedia,c2014 a824 halaman :bilustrasi tidak berwarna ;c25 cm0 aHassan Shadily